000 00670nam a2200217Ia 4500
001 21407
003 DO-CoUTE
005 20260204212602.0
008 220104s9999 dr 000 0 spa d
040 _aDO-CoUTE
_bspa
_cDO-CoUTE
041 0 _aspa
082 _aRD 373.285 SE446e (CRF)
110 _aSecretaria de Estado de Educacuión
245 1 0 _aLa educación media en perspectiva / Secretaria de Estado de Educacuión
260 _aSanto Domingo, República Dominicana : Secretaria de Estado de Educacuión
300 _a179 páginas
650 4 _aEducación
942 _2ddc
_cBK
999 _c20865
_d20865